000 00545nam a22001817a 4500
005 20251108175316.0
008 250721s2012 xx 000 0 ara d
082 1 4 _a216.23/بكر
100 1 _aأبو بكر، أسامة
245 1 0 _aالدليل المختصر لأحكام الصيام في الإقامة و السفر /
264 1 _aعمان :
_bالمؤلف،
_c2012.
300 _a32 ص.
650 1 7 _aالعبادات
650 1 7 _aالفقه الإسلامي
650 1 7 _aالصيام
942 _2ddc
_cBK
999 _c131105
_d131105